书目信息 |
| 题名: |
老龄化宜居社区设计
|
|
| 作者: | 鲍尔 主编 ;张晶晶 译 | |
| 分册: | ||
| 出版信息: | 武汉 华中科技大学出版社 2016.10 |
|
| 页数: | 228页 | |
| 开本: | 25cm | |
| 丛书名: | 世界城镇化建设理论与技术译丛 | |
| 单 册: | ||
| 中图分类: | TU984.12 | |
| 科图分类: | ||
| 主题词: | 社区--城市规划--研究 | |
| 电子资源: | ||
| ISBN: | 978-7-5680-2129-6 | |
| 000 | 01379oam2 2200313 450 | |
| 001 | 0100003919 | |
| 005 | 20180426111158.63 | |
| 010 | @a978-7-5680-2129-6@b精装@dCNY78.00 | |
| 100 | @a20160930d2016 em y0chiy50 ea | |
| 101 | 1 | @achi@ceng |
| 102 | @aCN@b420000 | |
| 105 | @aak z 000yy | |
| 200 | 1 | @a老龄化宜居社区设计@Alao ling hua yi ju she qu she ji@dLivable communities for aging populations: urban design for longevity@f(美)斯科特·鲍尔(M. Scott Ball)主编@g张晶晶[等]译@zeng |
| 210 | @a武汉@c华中科技大学出版社@d2016.10 | |
| 215 | @a228页@c图@d25cm | |
| 225 | 2 | @a世界城镇化建设理论与技术译丛 |
| 300 | @a“十二五”国家重点图书出版规划项目 湖北省学术著作出版专项资金资助项目 | |
| 305 | @a由John Wiley & Sons Limited授权出版 | |
| 308 | @a丛书第一辑 | |
| 330 | @a本书作者以其多年在老年社区设计方面的丰富经验,探讨了影响养老社区设计的各种因素,涉及社会、经济、卫生、土地利用、商业模式和建筑形态等方面,提出了通过城市和建筑设计实现居家养老的理念等内容。 | |
| 333 | @a城市规划研究者 | |
| 410 | 0 | @12001 @a世界城镇化建设理论与技术译丛 |
| 510 | 1 | @aLivable communities for aging populations: urban design for longevity@zeng |
| 606 | 0 | @a社区@x城市规划@x研究 |
| 690 | @aTU984.12@v5 | |
| 701 | 0 | @c(美)@a鲍尔@Abao er@c(Ball, M.Scott)@4主编 |
| 702 | 0 | @a张晶晶@Azhang jing jing@4译 |
| 801 | 0 | @aCN@c201701015 |
| 905 | @a河南城建学院图书馆@dTU984.12@eB297 | |
| 老龄化宜居社区设计=Livable communities for aging populations: urban design for longevity/(美)斯科特·鲍尔(M. Scott Ball)主编/张晶晶[等]译.-武汉:华中科技大学出版社,2016.10 |
| 228页:图;25cm.-(世界城镇化建设理论与技术译丛) |
| “十二五”国家重点图书出版规划项目 湖北省学术著作出版专项资金资助项目.-使用对象:城市规划研究者 |
| ISBN 978-7-5680-2129-6(精装):CNY78.00 |
| 本书作者以其多年在老年社区设计方面的丰富经验,探讨了影响养老社区设计的各种因素,涉及社会、经济、卫生、土地利用、商业模式和建筑形态等方面,提出了通过城市和建筑设计实现居家养老的理念等内容。 |
| ● |
| 相关链接 |
|
|
|
正题名:老龄化宜居社区设计
索取号:TU984.12/B297
 
预约/预借
| 序号 | 登录号 | 条形码 | 馆藏地/架位号 | 状态 | 备注 |
| 1 | 1299301 | 212993019 | 建筑与城市规划学院资料室/ [索取号:TU984.12/B297] | 在馆 | |
| 2 | 1339325 | 213393255 | 建筑库201/201建筑库 63排1列4层/ [索取号:TU984.12/B297] | 在馆 | |
| 3 | 1339326 | 213393264 | 建筑库201/201建筑库 63排1列4层/ [索取号:TU984.12/B297] | 在馆 |